000 00540nmm a2200169Ia 4500
008 251105s9999||||xx |||||||||||||||||und||
020 _a9789502346731
041 _aspa
100 _aFleisner, Paula
245 0 _aLa vida que viene :
_b Estética y filosofía política en el pensamiento de Giorgio Agamben
264 _a[Buenos Aires, Argentina] :
_bEudeba,
_c2016
300 _a224 páginas
490 _aTemas - Filosofía
650 _aPhilosophy, Ethics
856 _uhttps://public.digitaliapublishing.com/a/128318
942 _cCF
999 _c93348
_d93348